Harpers illustrated Biochenistry (Record no. 36831)
[ view plain ]
| 000 -LEADER | |
|---|---|
| fixed length control field | 00521nam a22001937a 4500 |
| 005 - DATE AND TIME OF LATEST TRANSACTION | |
| control field | 20250206114753.0 |
| 008 - FIXED-LENGTH DATA ELEMENTS--GENERAL INFORMATION | |
| fixed length control field | 250206b |||||||| |||| 00| 0 eng d |
| 020 ## - INTERNATIONAL STANDARD BOOK NUMBER | |
| ISBN | 9780071253017 |
| 082 ## - DEWEY DECIMAL CLASSIFICATION NUMBER | |
| Classification number | 612.015 |
| Item number | MUR-H |
| 100 ## - MAIN ENTRY--AUTHOR | |
| Author Name | Murray K. Robert Daryl k. Granner Victor W Rodewell |
| 245 ## - TITLE STATEMENT | |
| Title | Harpers illustrated Biochenistry |
| 250 ## - EDITION STATEMENT | |
| Edition statement | 27th ed. |
| 260 ## - PUBLICATION, DISTRIBUTION, ETC. | |
| Place of Publication | Asia |
| Name of publisher, distributor, etc. | Mcgreaw Hill |
| Date of publication, distribution, etc. | 2006 |
| 300 ## - PHYSICAL DESCRIPTION | |
| Pages | 692 p. |
| 700 ## - ADDED ENTRY--PERSONAL NAME | |
| Personal name | Robert K. Murray |
| 700 ## - ADDED ENTRY--PERSONAL NAME | |
| Personal name | Daryl k. Granner |
| 300 ## - PHYSICAL DESCRIPTION | |
| -- | ill |
| -- | 27cm |
| 952 ## - LOCATION AND ITEM INFORMATION (KOHA) | |
| -- | 0 |
| -- | 0 |
| Lost status | Damaged status | Collection code | Permanent Location | Current Location | Shelving Location | Date acquired | Full Call Number | Accession No./Barcode | Date last seen | item type | Koha item type |
|---|---|---|---|---|---|---|---|---|---|---|---|
| Medical | Superior Information Resource Center (SIRC) Superior University- Main Campus | Superior Information Resource Center (SIRC) Superior University- Main Campus | Biochemistry | 02/06/2025 | 612.015 MUR-H 2006 | 32001 | 02/06/2025 | BOOK | BOOK |
